| 000 | 00598nam a2200217 a 4500 | ||
|---|---|---|---|
| 005 | 20240806064028.0 | ||
| 008 | 991125s1986 mx 000 0 spa u | ||
| 020 | _a9682910285 | ||
| 035 | _aUPN01000035500 | ||
| 049 | _aSEP | ||
| 050 | 4 | _aPS51 T3.48 | |
| 100 | 1 | _aTatum, Charles M. | |
| 245 | 1 | 3 |
_aLa literatura chicana / _cCharles M. Tatum ; tr. Víctor Manuel Velarde |
| 260 |
_aMéxico : _bSEP, _c1986 |
||
| 300 | _a261 p | ||
| 440 | 0 | _aFrontera | |
| 500 | _aTítulo original: Chicano literature | ||
| 650 | 4 |
_aLiteratura estadounidense _95229 |
|
| 904 |
_aAC _b035501 |
||
| 905 | _aLibro | ||
| 999 |
_c35500 _d35500 |
||